<?xml version="1.0" encoding="UTF-8"?>
<record
    xmlns:xsi="http://www.w3.org/2001/XMLSchema-instance"
    xsi:schemaLocation="http://www.loc.gov/MARC21/slim http://www.loc.gov/standards/marcxml/schema/MARC21slim.xsd"
    xmlns="http://www.loc.gov/MARC21/slim">

  <leader>00984nab a22002297a 4500</leader>
  <controlfield tag="003">BR-BrBNA</controlfield>
  <controlfield tag="005">20240311212819.0</controlfield>
  <controlfield tag="008">240311b        bl.||||| |||| 00| 0 por d</controlfield>
  <datafield tag="040" ind1=" " ind2=" ">
    <subfield code="a">BR-BrBNA</subfield>
    <subfield code="b">por</subfield>
  </datafield>
  <datafield tag="072" ind1=" " ind2=" ">
    <subfield code="a">C20 ; E51 ; E50</subfield>
  </datafield>
  <datafield tag="100" ind1=" " ind2=" ">
    <subfield code="a">Milanesi, Luis Augusto</subfield>
  </datafield>
  <datafield tag="111" ind1=" " ind2=" ">
    <subfield code="a">1. Semin&#xE1;rio de Comunica&#xE7;&#xE3;o Rural da Regi&#xE3;o Sudeste do Brasil</subfield>
    <subfield code="c">Campinas, SP (Brasil)</subfield>
    <subfield code="d">21-25 Jul 1980)</subfield>
  </datafield>
  <datafield tag="245" ind1=" " ind2=" ">
    <subfield code="a">O homem rural e os meios de comunica&#xE7;&#xE3;o (resumo da palestra)</subfield>
  </datafield>
  <datafield tag="500" ind1=" " ind2=" ">
    <subfield code="a">1 illus.</subfield>
  </datafield>
  <datafield tag="650" ind1=" " ind2=" ">
    <subfield code="a">COMUNICA&#xC7;&#xC3;O</subfield>
  </datafield>
  <datafield tag="650" ind1=" " ind2=" ">
    <subfield code="a">POPULA&#xC7;&#xC3;O RURAL</subfield>
  </datafield>
  <datafield tag="650" ind1=" " ind2=" ">
    <subfield code="a">TELECOMUNICA&#xC7;&#xC3;O </subfield>
  </datafield>
  <datafield tag="650" ind1=" " ind2=" ">
    <subfield code="a">SOCIOLOGIA RURAL</subfield>
  </datafield>
  <datafield tag="773" ind1="0" ind2=" ">
    <subfield code="0">1330</subfield>
    <subfield code="9">275253</subfield>
    <subfield code="d">Campinas-SP Coordenadoria de Assist&#xEA;ncia T&#xE9;cnica Integral - CATI - Centro de Comunica&#xE7;&#xE3;o Rural e Treinamento - CECORT 1979. Data final de publica&#xE7;&#xE3;o em 1990</subfield>
    <subfield code="o">2023-437059</subfield>
    <subfield code="t">Casa da Agricultura (Brazil)</subfield>
    <subfield code="x">0100-6541</subfield>
    <subfield code="g">special number p. 33 (Jan 1981)</subfield>
    <subfield code="w">BR2024000202</subfield>
  </datafield>
  <datafield tag="942" ind1=" " ind2=" ">
    <subfield code="c">Anal&#xED;tica</subfield>
  </datafield>
  <datafield tag="999" ind1=" " ind2=" ">
    <subfield code="c">298750</subfield>
    <subfield code="d">298750</subfield>
  </datafield>
</record>
